00347nam a2200133Ia 4500003000400000005001700004008004100021040000900062082001700071100001600088245005600104260004400160300000900204OSt20200612113516.0190216s9999||||xx |||||||||||||| ||und|| coclc a146.3bKUR/H aKursanov, G 0aHistorical Materialism Basic Problems /cG Kursanov bStream Lines Publishers Pvt Ltd,c1975. a333p